Od Jakiej Gry To Skrót? - Statystyki

Ogólne statystyki
  • Ten quiz został rozwiązany 11 769 razy
  • Średni wynik to 8 z 14
Statystyki odpowiedzi
Skrót Gra/Seria % Poprawnych
LoL League of Legends
92%
GTA Grand Theft Auto
90%
CS:GO Counter Strike: Global Offensive
86%
WoT World of Tanks
80%
NFS Need for Speed
77%
WoW World of Warcraft
71%
L4D Left 4 Dead
64%
WoWs World of Warships
36%
HoM&M Heroes of Might and Magic
34%
EU4 Europa Universalis IV
33%
AoE Age of Empires
30%
D&D Dungeons & Dragons
30%
HoI Hearts of Iron
29%
AoC2 Age of Civilizations II
19%
Nie znaleziono quizów pasujących do podanych kryteriów
Rozkład punktacji
Procent ludzi z każdym wynikiem
Percentyl według liczby udzielonych odpowiedzi
Twoja historia wyników
Nie rozwiązałeś tego quizu